000 00522nam a2200169 i 4500
001 36582
003 ES-MaACL
007 t|
008 030218s1985 sp ||||1| spa d
020 _a84-206-9521-1
100 1 _aBraudel, Fernand.
_931403
245 1 3 _aLa dinámica del capitalismo /
_cFernand Braudel ; [versión española de Rafael Tusón Calatayud].
260 _aMadrid :
_bAlianza,
_c[1985]
300 _a135 p. ;
_c20 cm.
700 1 _aTusón Calatayud, Rafael.
_9111772
852 _aES-MaACL
_jL-9296
_bR.111043
999 _c36582
_d36582